00623cam a22002531 4500001001300000003000400013005001700017008004100034010001700075025001800092035002000110040002100130041001300151042001200164050002000176100002800196240003000224245002500254260001100279300001900290500001300309500003000322999001700352sa 65002610 DLC20260227112117.0940603s1963 pk 000 1 urdo  asa 65002610  aPL480:P-U-836 a(OCoLC)30542827 aDLCcCUdCUdDLC1 aurdheng apremarc00aPR6001.L45bT961 aAli, Ahmed,d1910-1994.10aTwilight in Delhi.lUrdu.10aDillī kī shām. c[1963] a604 p.c19 cm. aIn Urdu. aText partially vocalized. c62719d62719